000 00582nam a2200193Ia 4500
003 IN-BaIIA
008 211028s9999 xx 000 0 eng d
020 _a90-277-0684-0
040 _cIIA Library
080 _a524.8
_bKLE
100 _aKleczek, Josip
_99904
245 4 _aThe universe
_bnuclear transition region
_cJosip Kleczek
260 _aDordrecht-Holland
_bD. Reidel Publishing
_c1976
300 _avi, 259p.
650 _aAstronomy and astrophysics thesaurus
650 _aCosmology
650 _aUniverse
_91987
942 _cBK
999 _c5714
_d5714